000 00433nam a2200181Ia 4500
008 210210b1922 xxu||||| |||| 00| 0 eng d
041 _aeng
082 _a543/107
100 _aKENDALL (J)
245 _aSmiths inorganic chemistry
260 _aNew York
_bThe Macmillan Company
_c1922
300 _a1030
650 _aSmiths
650 _ainorganic
650 _achemistry
690 _aInorganic Chemistry
906 _a009519
999 _c127831
_d127831